Countries That Export the Most Shrimp (Pt.1) - Statistics

General Stats
  • This quiz has been taken 43 times
  • The average score is 10 of 15
Answer Stats
% of World's Frozen
Seawater Shrimp
Country % Correct
2% China
92%
7.5% Indonesia
92%
25.2% India
89%
1.1% Mexico
84%
10.1% Vietnam
79%
3.1% Thailand
76%
1.1% Malaysia
74%
2.1% Spain
68%
1.2% Peru
66%
5.8% Argentina
58%
1.74% Bangladesh
58%
24.9% Ecuador
55%
1.51% Netherlands
26%
1.2% Belgium
24%
2.2% Honduras
24%
No matching quizzes found
Score Distribution
Percent of People with Each Score
Percentile by Number Answered
Your Score History
You have not taken this quiz